Windows 10 For Dummies / (Record no. 36234)

MARC details
000 -LEADER
fixed length control field 00456nam a22001697a 4500
005 - DATE AND TIME OF LATEST TRANSACTION
control field 20240730102314.0
008 - FIXED-LENGTH DATA ELEMENTS--GENERAL INFORMATION
fixed length control field 240730b |||||||| |||| 00| 0 eng d
020 ## - INTERNATIONAL STANDARD BOOK NUMBER
ISBN 9781119470861
082 ## - DEWEY DECIMAL CLASSIFICATION NUMBER
Classification number 005.446
Item number RAT-W
100 ## - MAIN ENTRY--AUTHOR
Author Name Rathbone, andy
245 ## - TITLE STATEMENT
Title Windows 10 For Dummies /
Statement of responsibility, etc. rathbone, Andy
260 ## - PUBLICATION, DISTRIBUTION, ETC.
Place of Publication usa:
Name of publisher, distributor, etc. pearson;
Date of publication, distribution, etc. 2018.
300 ## - PHYSICAL DESCRIPTION
Pages xxiv, 442 p. :
500 ## - GENERAL NOTE
General note include index.
650 ## - SUBJECT ADDED ENTRY--TOPICAL TERM
Subject / Department operatnig system
300 ## - PHYSICAL DESCRIPTION
-- ill;
-- 24 cm.
952 ## - LOCATION AND ITEM INFORMATION (KOHA)
-- 0
-- 0
Holdings
Lost status Damaged status Collection code Permanent Location Current Location Shelving Location Date acquired Full Call Number Accession No./Barcode Date last seen item type Koha item type
    CS/IT Superior Information Resource Center (SIRC) Superior University- Gold Campus Superior Information Resource Center (SIRC) Superior University- Gold Campus web operating system 07/30/2024 005.446 RAT-W 2018 17451 07/30/2024 BOOK BOOK

Powered by Koha